[Event "Remote-ch Class3 email"]
[Site "Remote email"]
[Date "2013.04.01"]
[Round "?"]
[White "Jauk, Siegfried"]
[Black "Raap, Christian"]
[Result "1/2-1/2"]
[WhiteElo "2448"]
[BlackElo "2332"]
[PlyCount "55"]
[EventDate "2013.??.??"]
[EventType "tourn (corr)"]
[EventRounds "6"]
[EventCountry "GER"]
[SourceTitle "Corr 2015"]
[Source "ChessBase"]
[SourceDate "2015.07.17"]
[SourceVersion "1"]
[SourceVersionDate "2015.07.17"]
[SourceQuality "1"]

1. e4 c5 2. Nf3 d6 3. d4 cxd4 4. Nxd4 Nf6 5. Nc3 a6 6. Be3 e5 7. Nb3 Be6 8. f3 Nbd7 9. Qd2 b5 10. 0-0-0 Be7 11. g4 b4 12. Nd5 Bxd5 13. exd5 Nb6 14. Na5 Nbxd5 15. Nc6 Qc7 16. Nxb4 Nxb4 17. Qxb4 0-0 18. g5 Rfc8 19. Qc4 Qxc4 20. Bxc4 Rxc4 21. gxf6 Bxf6 22. Rxd6 e4 23. f4 Rac8 24. c3 Bxc3 25. bxc3 Rxc3+ 26. Kd2 Rc2+ 27. Kd1 Rxa2 28. Re1 1/2-1/2

[Event "Remote-ch Class3 email"]
[Site "Remote email"]
[Date "2013.04.01"]
[Round "?"]
[White "Raap, Christian"]
[Black "Spreemann, Ralf"]
[Result "0-1"]
[WhiteElo "2338"]
[BlackElo "2439"]
[PlyCount "112"]
[EventDate "2013.??.??"]
[EventType "tourn (corr)"]
[EventRounds "6"]
[EventCountry "GER"]
[SourceTitle "Corr 2015"]
[Source "ChessBase"]
[SourceDate "2015.07.17"]
[SourceVersion "1"]
[SourceVersionDate "2015.07.17"]
[SourceQuality "1"]

1. d4 Nf6 2. c4 e6 3. Nf3 b6 4. g3 Bb7 5. Bg2 Be7 6. 0-0 0-0 7. Nc3 Ne4 8. Qc2 Nxc3 9. Qxc3 d6 10. Qc2 f5 11. d5 e5 12. Be3 Qe8 13. Ng5 Bxg5 14. Bxg5 f4 15. Be4 Qh5 16. h4 Bc8 17. Be7 Rf7 18. Bg5 Na6 19. a3 Nc5 20. Bf3 Bg4 21. b4 Nd7 22. Be4 Nf6 23. f3 Nxe4 24. Qxe4 Bf5 25. g4 Bxe4 26. gxh5 Bc2 27. a4 h6 28. Rfc1 Bh7 29. a5 Re8 30. e4 fxe3 31. Bxe3 Rxf3 32. axb6 axb6 33. Ra3 Ref8 34. Kh2 Bf5 35. Rh1 Kh7 36. c5 b5 37. cxd6 cxd6 38. Bc1 Rf2+ 39. Kg3 Be4 40. Rg1 Rc2 41. Re1 Bxd5 42. Rd1 Be4 43. Bd2 d5 44. Re3 Rf5 45. Bc3 Rxh5 46. Rd2 Rc1 47. Bb2 Rg1+ 48. Kf2 Rh1 49. Rde2 Rf5+ 50. Kg3 Rf6 51. Rxe4 dxe4 52. Bxe5 Rf3+ 53. Kg2 Rxh4 54. Re1 h5 55. Bd6 Rg4+ 56. Kh2 Kg6 0-1

[Event "Remote-ch Class3 email"]
[Site "Remote email"]
[Date "2013.04.01"]
[Round "?"]
[White "Raap, Christian"]
[Black "Zidu, Jan"]
[Result "1/2-1/2"]
[WhiteElo "2338"]
[BlackElo "2538"]
[PlyCount "74"]
[EventDate "2013.??.??"]
[EventType "tourn (corr)"]
[EventRounds "6"]
[EventCountry "GER"]
[SourceTitle "Corr 2015"]
[Source "ChessBase"]
[SourceDate "2015.07.17"]
[SourceVersion "1"]
[SourceVersionDate "2015.07.17"]
[SourceQuality "1"]

1. d4 Nf6 2. c4 e6 3. Nf3 d5 4. Nc3 c6 5. e3 Nbd7 6. Bd3 dxc4 7. Bxc4 b5 8. Bd3 Bb7 9. 0-0 a6 10. e4 c5 11. d5 Qc7 12. dxe6 fxe6 13. Bc2 Bd6 14. Ng5 Nf8 15. f4 0-0-0 16. Qe2 h6 17. Nf3 Bxf4 18. e5 Bxf3 19. Qxf3 Bxe5 20. Qa8+ Kd7 21. Qxa6 b4 22. Nb5 Bxh2+ 23. Kh1 Qe5 24. Rf3 Bg3 25. Be3 Qh5+ 26. Kg1 Qh2+ 27. Kf1 Ke8 28. Bg1 Qh4 29. Qc6+ Kf7 30. Qxc5 N8d7 31. Qe3 Ne5 32. Rxg3 Qc4+ 33. Qe2 Qf4+ 34. Rf3 Nxf3 35. Qxf3 Qc4+ 36. Qe2 Qf4+ 37. Qf3 Qc4+ 1/2-1/2

[Event "Remote S7E Adv-131 email"]
[Site "Remote email"]
[Date "2013.03.22"]
[Round "?"]
[White "Muster, Wolfgang"]
[Black "Raap, Christian"]
[Result "1/2-1/2"]
[WhiteElo "2256"]
[BlackElo "2358"]
[PlyCount "52"]
[EventDate "2013.??.??"]
[EventType "tourn (corr)"]
[EventRounds "6"]
[EventCountry "GER"]
[SourceTitle "Corr 2015"]
[Source "ChessBase"]
[SourceDate "2015.07.17"]
[SourceVersion "1"]
[SourceVersionDate "2015.07.17"]
[SourceQuality "1"]

1. d4 Nf6 2. c4 e6 3. g3 d5 4. Bg2 Be7 5. Nf3 0-0 6. Qc2 c5 7. 0-0 cxd4 8. Nxd4 e5 9. Nf5 d4 10. Nxe7+ Qxe7 11. b3 Nc6 12. Ba3 Nb4 13. Bxb4 Qxb4 14. Nd2 Qe7 15. e3 dxe3 16. fxe3 Be6 17. Ne4 Ng4 18. Qc3 f5 19. Nf2 Nxf2 20. Rxf2 e4 21. Rd2 Rad8 22. Rd4 b6 23. Rad1 Kf7 24. Qd2 Rxd4 25. exd4 g6 26. Qe3 Rc8 1/2-1/2

[Event "Remote S7E Adv-131 email"]
[Site "Remote email"]
[Date "2013.03.22"]
[Round "?"]
[White "Quinones Borda, Jorge Victor"]
[Black "Raap, Christian"]
[Result "1/2-1/2"]
[WhiteElo "2077"]
[BlackElo "2358"]
[PlyCount "45"]
[EventDate "2013.??.??"]
[EventType "tourn (corr)"]
[EventRounds "6"]
[EventCountry "GER"]
[SourceTitle "Corr 2015"]
[Source "ChessBase"]
[SourceDate "2015.07.17"]
[SourceVersion "1"]
[SourceVersionDate "2015.07.17"]
[SourceQuality "1"]

1. e4 c5 2. d4 cxd4 3. c3 dxc3 4. Nxc3 Nc6 5. Nf3 d6 6. Bc4 e6 7. 0-0 Nf6 8. Qe2 Be7 9. Rd1 e5 10. Be3 0-0 11. Rac1 Be6 12. b4 Bg4 13. a3 Rc8 14. Ba2 a6 15. h3 Bh5 16. Nd5 Re8 17. Nb6 Nd4 18. Bxd4 Rxc1 19. Rxc1 exd4 20. Nd5 Bg6 21. Nc7 Rf8 22. Nd5 Re8 23. Nc7 1/2-1/2

[Event "Remote S7E Adv-131 email"]
[Site "Remote email"]
[Date "2013.03.22"]
[Round "?"]
[White "Raap, Christian"]
[Black "Hahner, Anton"]
[Result "1-0"]
[WhiteElo "2358"]
[BlackElo "2131"]
[PlyCount "55"]
[EventDate "2013.??.??"]
[EventType "tourn (corr)"]
[EventRounds "6"]
[EventCountry "GER"]
[SourceTitle "Corr 2015"]
[Source "ChessBase"]
[SourceDate "2015.07.17"]
[SourceVersion "1"]
[SourceVersionDate "2015.07.17"]
[SourceQuality "1"]

1. d4 Nf6 2. c4 e6 3. Nf3 b6 4. g3 Bb7 5. Bg2 Be7 6. 0-0 0-0 7. Nc3 Ne4 8. Qc2 Nxc3 9. Qxc3 c5 10. Rd1 d6 11. Qd3 Nc6 12. d5 Nb4 13. Qb3 exd5 14. cxd5 a5 15. a3 a4 16. Qc4 b5 17. Qe4 Na6 18. Qc2 Re8 19. e4 Bf6 20. Bd2 Bc8 21. Re1 Bg4 22. Bc3 Bxf3 23. Bxf3 c4 24. Re3 Nc5 25. Rb1 Ra7 26. Bd1 h6 27. Bf3 Qb6 28. Bxf6 1-0